[Event "Online Olym Top DivD 2020"]
[Site "chess.com INT"]
[Date "2020.08.22"]
[Round "4.2"]
[Board "3"]
[White "Tsolakidou, Stavroula"]
[Black "Cori T., Deysi"]
[Result "1/2-1/2"]
[WhiteTitle "IM"]
[BlackTitle "WGM"]
[WhiteElo "2391"]
[BlackElo "2388"]
[WhiteTeam "Greece"]
[BlackTeam "Peru"]
[WhiteFideId "4264312"]
[BlackFideId "3801934"]
[EventDate "2020.08.21"]
[EventType "team"]

1. Nf3 Nf6 2. c4 e6 3. g3 d5 4. d4 Bb4+ 5. Bd2 Be7 6. Bg2 O-O 7. O-O Ne4 8. Be3
Nd6 9. Nbd2 Nd7 10. Qb3 c6 11. Bf4 f5 12. c5 Nf7 13. Qe3 g5 14. Bd6 Bxd6 15.
cxd6 Qf6 16. h4 h6 17. hxg5 hxg5 18. Ne1 Nxd6 19. Nd3 f4 20. gxf4 Nf5 21. Qh3
Nxd4 22. fxg5 Qxg5 23. e3 Nf5 24. Nf3 Qg7 25. Nf4 Nf6 26. Ne5 Ne4 27. Neg6 Rf6
28. Bxe4 dxe4 29. Kh2 Qh7 30. Qxh7+ Kxh7 31. Ne5 Rh6+ 32. Kg2 Bd7 33. Rg1 Rg8+
34. Kf1 Be8 35. Rxg8 Kxg8 36. Ke2 c5 37. Rd1 Bb5+ 38. Kd2 Rh2 39. Ng4 Rh4 40.
Nf6+ Kf7 41. Nxe4 e5 42. Nc3 Bc6 43. Nd3 Kf6 44. Nxc5 Rh2 45. N5e4+ Ke7 46. Kc1
Rh4 47. Nc5 Rh2 48. Nd3 Kf6 49. Rf1 Bf3 50. Nc5 b6 51. N5e4+ Ke7 52. Nd2 Bc6 53.
Nc4 Kf6 54. Nd2 Nd6 55. f3 Ke6 56. Re1 b5 57. a3 a5 58. Rg1 Kf7 59. Nce4 Nf5 60.
Re1 Ke7 61. b4 a4 62. Nc5 Nd6 63. Rg1 Kf7 64. Rg5 Kf6 65. Rg8 Re2 66. e4 Re3 67.
Kb2 Re2 68. Kc3 Re3+ 69. Nd3 Re2 70. Rb8 Bd7 71. Rb6 Ke6 72. Nc5+ Ke7 73. Ra6
Re3+ 74. Kc2 Be8 75. Ra7+ Kf6 76. Ra6 Ke7 77. Nd3 Ke6 78. f4 Ke7 79. fxe5 Nxe4
80. Nxe4 Rxe4 81. Ra7+ Kd8 82. Kd2 Bg6 83. Rg7 Bf5 84. Rf7 Bg6 85. Rf6 Bh7 86.
Rd6+ Ke7 87. Rd5 Ke6 88. Rd6+ Ke7 89. Rh6 Bf5 90. Rh5 Bg6 91. Rg5 Kf7 92. e6+
Kf6 93. Rg3 Rd4 94. Re3 Ke7 95. Kc3 Rc4+ 96. Kb2 Bxd3 97. Rxd3 Kxe6 98. Rd8 Re4
99. Rb8 Re5 100. Kc3 Rd5 101. Rb6+ Ke5 102. Rh6 Ke4 103. Rh4+ Ke3 104. Rh3+ Ke4
105. Rh4+ Ke3 106. Rh3+ 1/2-1/2

[Event "Online Olym Top DivD 2020"]
[Site "chess.com INT"]
[Date "2020.08.22"]
[Round "4.2"]
[Board "4"]
[White "Chumpitaz, Ann"]
[Black "Pavlidou, Ekaterini"]
[Result "0-1"]
[WhiteTitle "WIM"]
[BlackTitle "WIM"]
[WhiteElo "2244"]
[BlackElo "2170"]
[WhiteTeam "Peru"]
[BlackTeam "Greece"]
[WhiteFideId "3804178"]
[BlackFideId "4213262"]
[EventDate "2020.08.21"]
[EventType "team"]

1. e4 c5 2. Nf3 Nc6 3. d4 cxd4 4. Nxd4 e5 5. Nb5 d6 6. c4 Be6 7. N1c3 a6 8. Na3
g6 9. Be3 Bg7 10. Nc2 Nge7 11. Qd2 O-O 12. Be2 f5 13. f3 f4 14. Bf2 Qd7 15. Nd5
Nc8 16. Rd1 g5 17. Nb6 Nxb6 18. Bxb6 Qf7 19. b3 Bf6 20. Nb4 Bd8 21. Bxd8 Rfxd8
22. Nxc6 bxc6 23. Qa5 Qe7 24. O-O h5 25. h3 Kg7 26. Rd2 g4 27. fxg4 hxg4 28.
Bxg4 Bxg4 29. hxg4 Rh8 30. Rd3 Rh6 31. Qc3 Rah8 32. Rxf4 Rh1+ 33. Kf2 Qh4+ 34.
Rg3 Qh2 35. Rf5 Qg1+ 36. Ke2 Qd1+ 37. Ke3 Re1+ 38. Qxe1 Qxe1+ 39. Kf3 Rh1 40. g5
Rf1+ 0-1

[Event "Online Olym Top DivD 2020"]
[Site "chess.com INT"]
[Date "2020.08.22"]
[Round "4.3"]
[Board "2"]
[White "Wojtaszek, Radoslaw"]
[Black "Vazquez, Guillermo"]
[Result "1/2-1/2"]
[WhiteTitle "GM"]
[BlackTitle "IM"]
[WhiteElo "2717"]
[BlackElo "2527"]
[WhiteTeam "Poland"]
[BlackTeam "Paraguay"]
[WhiteFideId "1118358"]
[BlackFideId "3702308"]
[EventDate "2020.08.21"]
[EventType "team"]

1. c4 c5 2. Nf3 Nf6 3. Nc3 Nc6 4. d4 cxd4 5. Nxd4 e6 6. a3 Be7 7. e4 O-O 8. Nf3
Qc7 9. Be2 b6 10. O-O Bb7 11. Bg5 Ne5 12. Nd2 Ng6 13. Be3 Bc5 14. Bxc5 bxc5 15.
Re1 Rab8 16. Bf1 Rfd8 17. Qc2 d6 18. Rad1 Ba8 19. g3 Qb6 20. Rb1 Ne5 21. Bg2 Nc6
22. Qd3 h6 23. Red1 Nd7 24. f4 Nd4 25. Kh1 Nf6 26. h3 Qa5 27. b4 Qc7 28. b5 Nd7
29. a4 Bb7 30. Nf1 a5 31. Ne3 Nb6 32. Ra1 Re8 33. Ne2 d5 34. Nxd4 cxd4 35. Qxd4
dxc4 36. Qd6 Qxd6 37. Rxd6 Ba8 38. e5 Bxg2+ 39. Kxg2 Rec8 40. Ra3 c3 41. Rc6
Rxc6 42. bxc6 Rc8 43. Rxc3 Nxa4 44. Ra3 Nb6 45. Rxa5 Rxc6 46. Rb5 Rc3 47. Kf2
Nc4 48. Nxc4 Rxc4 49. h4 1/2-1/2

[Event "Online Olym Top DivD 2020"]
[Site "chess.com INT"]
[Date "2020.08.22"]
[Round "4.3"]
[Board "3"]
[White "Perez Rodriguez, Jennifer"]
[Black "Zawadzka, Jolanta"]
[Result "0-1"]
[WhiteTitle "WIM"]
[BlackTitle "WGM"]
[WhiteElo "2251"]
[BlackElo "2419"]
[WhiteTeam "Paraguay"]
[BlackTeam "Poland"]
[WhiteFideId "3507831"]
[BlackFideId "1122320"]
[EventDate "2020.08.21"]
[EventType "team"]

1. e4 c5 2. Nf3 d6 3. c3 Nf6 4. Bd3 Nc6 5. Bc2 Bg4 6. O-O Ne5 7. Ba4+ Bd7 8.
Nxe5 dxe5 9. d4 exd4 10. cxd4 b5 11. Bc2 cxd4 12. Qxd4 Qc7 13. Bb3 Rd8 14. Nc3
Bc6 15. Nd5 Bxd5 16. exd5 e5 17. Re1 Bd6 18. Bf4 Nd7 19. Rac1 Qb8 20. Bg3 O-O
21. Qd2 Rfe8 22. Bc2 g6 23. Rcd1 Rc8 24. Bb1 Nb6 25. b3 Qc7 26. h4 Qd7 27. h5
Kg7 28. h6+ Kg8 29. Qe2 f6 30. Bd3 a6 31. Bb1 Qf7 32. Qd2 Rc5 33. Qa5 Qb7 34. f3
Rxd5 35. Be4 Bc5+ 36. Kh2 Qf7 37. Bxd5 Nxd5 38. Qxa6 g5 39. Bh4 gxh4 40. Qxb5
Rc8 41. b4 Bf2 42. g4 hxg3+ 43. Kg2 Nf4+ 44. Kf1 Qh5 0-1

[Event "Online Olym Top DivD 2020"]
[Site "chess.com INT"]
[Date "2020.08.22"]
[Round "4.3"]
[Board "4"]
[White "Rajlich, Iweta"]
[Black "Vargas, Gabriela"]
[Result "0-1"]
[WhiteTitle "IM"]
[BlackTitle "WIM"]
[WhiteElo "2394"]
[BlackElo "2170"]
[WhiteTeam "Poland"]
[BlackTeam "Paraguay"]
[WhiteFideId "1108166"]
[BlackFideId "3700860"]
[EventDate "2020.08.21"]
[EventType "team"]

1. d4 d5 2. Nf3 c6 3. g3 Bg4 4. Bg2 Nd7 5. Nbd2 Ngf6 6. h3 Bh5 7. g4 Bg6 8. Ne5
e6 9. Nxg6 hxg6 10. c4 Bd6 11. Qb3 Qb6 12. c5 Qxb3 13. axb3 Bc7 14. b4 e5 15.
dxe5 Nxe5 16. f4 Ned7 17. e3 O-O 18. g5 Nh5 19. Kf2 d4 20. exd4 Nxf4 21. Bf1 a6
22. Nf3 Nd5 23. Bd2 f6 24. h4 fxg5 25. hxg5 Rae8 26. Bd3 Nf4 27. Bc4+ Nd5 28.
Rh3 Bf4 29. Bxf4 Rxf4 30. Re1 Rxe1 31. Kxe1 Nf8 32. Bxd5+ cxd5 33. Ke2 Ne6 34.
Ke3 Re4+ 35. Kd3 Nf4+ 36. Kc3 Nxh3 37. b5 Re3+ 38. Kb4 Rxf3 39. c6 bxc6 40. bxa6
Nxg5 41. a7 Rf8 42. Kc5 Ne6+ 43. Kxc6 Nxd4+ 44. Kb7 g5 45. a8=Q Rxa8 46. Kxa8 g4
47. Kb7 g3 48. Kb6 g2 49. Kc5 g1=Q 50. Kxd5 Nc2 0-1

[Event "Online Olym Top DivD 2020"]
[Site "chess.com INT"]
[Date "2020.08.22"]
[Round "4.3"]
[Board "5"]
[White "Benitez Galeano, Alejandro"]
[Black "Janik, Igor"]
[Result "1/2-1/2"]
[WhiteTitle "FM"]
[BlackTitle "IM"]
[WhiteElo "2201"]
[BlackElo "2471"]
[WhiteTeam "Paraguay"]
[BlackTeam "Poland"]
[WhiteFideId "3703568"]
[BlackFideId "1159259"]
[EventDate "2020.08.21"]
[EventType "team"]

1. Nf3 Nf6 2. c4 e6 3. e3 b6 4. b3 Bb7 5. Bb2 Be7 6. Nc3 O-O 7. d4 d6 8. Be2
Nbd7 9. O-O Ne4 10. Nxe4 Bxe4 11. Nd2 Bb7 12. Bf3 Qc8 13. Bxb7 Qxb7 14. Qf3 Qxf3
15. Nxf3 f5 16. Rfe1 g5 17. h3 h6 18. e4 fxe4 19. Rxe4 Rf6 20. Rae1 Kf7 21. h4
Rg8 22. hxg5 hxg5 23. Nh2 Rgg6 24. g3 Rf5 25. R1e2 c6 26. Ng4 Ra5 27. Bc3 Ra6
28. d5 cxd5 29. cxd5 e5 30. Rc4 b5 31. Rc7 Ke8 32. Bb4 Bd8 33. Rb7 Bb6 34. Rc2
Kd8 35. Ne3 Nf6 36. Rb8+ Kd7 37. Rb7+ Kd8 38. Rb8+ Kd7 39. Rb7+ Kd8 1/2-1/2

[Event "Online Olym Top DivD 2020"]
[Site "chess.com INT"]
[Date "2020.08.22"]
[Round "4.4"]
[Board "1"]
[White "Dvirnyy, Danyyil"]
[Black "Pichot, Alan"]
[Result "0-1"]
[WhiteTitle "GM"]
[BlackTitle "GM"]
[WhiteElo "2485"]
[BlackElo "2630"]
[WhiteTeam "Italy"]
[BlackTeam "Argentina"]
[WhiteFideId "817570"]
[BlackFideId "110973"]
[EventDate "2020.08.21"]
[EventType "team"]

1. d4 Nf6 2. c4 e6 3. Nf3 d5 4. Nc3 dxc4 5. e4 b5 6. Nxb5 Nxe4 7. Bxc4 Bb4+ 8.
Nd2 a6 9. Nc3 Nxc3 10. bxc3 Bxc3 11. Rb1 Qxd4 12. Qf3 c6 13. O-O Bxd2 14. Bxd2
Qxc4 15. Qg3 O-O 16. Bh6 Qd4 17. Rb4 Qf6 18. Bxg7 Qg6 19. Rg4 Kxg7 20. Rxg6+
hxg6 21. Rd1 Nd7 22. h4 Rh8 23. Qc3+ Nf6 24. g4 e5 25. g5 Nd7 26. Qxc6 Rb8 27.
Qe4 Bb7 28. Qe3 Rxh4 29. f3 Rbh8 30. Rxd7 Rh1+ 31. Kg2 R8h2+ 32. Kg3 Rh3+ 33.
Kg2 Bxf3+ 34. Kf2 R1h2+ 35. Ke1 Re2+ 36. Qxe2 Bxe2 37. Kxe2 Rh2+ 38. Ke3 Rxa2
39. Rd5 Ra1 40. Ke2 Ra4 41. Rxe5 Rf4 42. Re3 Rf5 43. Rg3 a5 44. Ke3 a4 45. Kd2
a3 46. Kc2 Rb5 0-1

[Event "Online Olym Top DivD 2020"]
[Site "chess.com INT"]
[Date "2020.08.22"]
[Round "4.4"]
[Board "2"]
[White "Acosta, Pablo Ismael"]
[Black "Valsecchi, Alessio"]
[Result "0-1"]
[WhiteTitle "IM"]
[BlackTitle "GM"]
[WhiteElo "2465"]
[BlackElo "2491"]
[WhiteTeam "Argentina"]
[BlackTeam "Italy"]
[WhiteFideId "124311"]
[BlackFideId "818860"]
[EventDate "2020.08.21"]
[EventType "team"]

1. d4 Nf6 2. Nf3 e6 3. c4 d5 4. cxd5 exd5 5. Nc3 c6 6. Bg5 Be7 7. Qc2 Na6 8. a3
Nc7 9. e3 Ne6 10. Bh4 g6 11. Bd3 Ng7 12. O-O Bf5 13. b4 O-O 14. Bxf5 Nxf5 15.
Bg3 Nxg3 16. hxg3 Rc8 17. Rab1 Bd6 18. Qb3 Qe7 19. a4 Ng4 20. Ne2 g5 21. b5 f5
22. bxc6 bxc6 23. Rfc1 Kh8 24. Qd3 Rc7 25. Rc2 h6 26. a5 Qe4 27. Ne1 Qe8 28.
Rbc1 Bb4 29. Nc3 Re7 30. Nf3 f4 31. exf4 gxf4 32. Ne2 Nxf2 33. Kxf2 Re3 34. Qa6
fxg3+ 35. Nxg3 Be1+ 36. Rxe1 Rxe1 37. Ne2 Rh1 38. Qxc6 Qe4 39. Qd6 Qh4+ 40. Ke3
Re8+ 41. Ne5 Qg5+ 42. Kd3 Rd1+ 43. Kc3 Rc8+ 44. Nc6 Rb1 45. Nf4 Qg3+ 46. Kd2
Qe1+ 47. Kd3 Rd1+ 0-1

[Event "Online Olym Top DivD 2020"]
[Site "chess.com INT"]
[Date "2020.08.22"]
[Round "4.4"]
[Board "3"]
[White "Zimina, Olga"]
[Black "Besso, Guadalupe"]
[Result "1/2-1/2"]
[WhiteTitle "IM"]
[BlackTitle "WIM"]
[WhiteElo "2378"]
[BlackElo "2111"]
[WhiteTeam "Italy"]
[BlackTeam "Argentina"]
[WhiteFideId "4132190"]
[BlackFideId "123161"]
[EventDate "2020.08.21"]
[EventType "team"]

1. Nf3 d5 2. d4 c6 3. c4 Nf6 4. e3 Bg4 5. Nc3 e6 6. Qb3 Qb6 7. Nh4 Qxb3 8. axb3
Bh5 9. h3 Bg6 10. Nxg6 hxg6 11. Bd3 Nbd7 12. Bd2 a6 13. Ke2 Bd6 14. Rhc1 O-O 15.
Be1 Rfe8 16. f4 c5 17. Kf3 Rac8 18. g4 dxc4 19. bxc4 Red8 20. g5 cxd4 21. exd4
Ne8 22. b3 Bb8 23. Ne4 Ba7 24. Ba5 Bxd4 25. Bxd8 Bxa1 26. Be7 Bd4 27. Rd1 Nb8
28. h4 Nc6 29. Ba3 Rd8 30. Ke2 Ba7 31. Bb2 Nd4+ 32. Bxd4 Rxd4 33. Rh1 Bb8 34.
Ke3 Rd8 35. Bc2 Nd6 36. Nxd6 Bxd6 37. h5 Bc5+ 38. Ke2 gxh5 39. Rxh5 g6 40. Rh1
Rd4 41. Rf1 b6 42. Bd3 a5 43. Rf3 Kg7 44. Rf1 Kg8 45. Rf3 Kg7 46. Rf1 Kg8 1/2-1/2

[Event "Online Olym Top DivD 2020"]
[Site "chess.com INT"]
[Date "2020.08.22"]
[Round "4.4"]
[Board "4"]
[White "Francisco Guecamburu, Candela Be"]
[Black "Brunello, Marina"]
[Result "1/2-1/2"]
[WhiteTitle "WFM"]
[BlackTitle "IM"]
[WhiteElo "2034"]
[BlackElo "2368"]
[WhiteTeam "Argentina"]
[BlackTeam "Italy"]
[WhiteFideId "160911"]
[BlackFideId "822590"]
[EventDate "2020.08.21"]
[EventType "team"]

1. e4 c5 2. Nf3 d6 3. Bb5+ Nd7 4. d4 cxd4 5. Qxd4 a6 6. Bxd7+ Qxd7 7. c4 e5 8.
Qd3 f5 9. Nc3 Nf6 10. Bg5 fxe4 11. Nxe4 Nxe4 12. Qxe4 Qc6 13. Qxc6+ bxc6 14. c5
Bg4 15. cxd6 Bxd6 16. Nd2 Be6 17. Ne4 Bb4+ 18. Bd2 Rb8 19. b3 Bd5 20. f3 O-O 21.
Bxb4 Rxb4 22. Nc5 a5 23. O-O Rd4 24. Rae1 Re8 25. Rf2 Bf7 26. Rfe2 Rd5 27. Na4
Kf8 28. Nb6 Rb5 29. Nd7+ Kg8 30. Rxe5 Rexe5 31. Rxe5 Bd5 32. Kf2 a4 33. bxa4 Rb4
34. a3 Rxa4 35. Nb6 Rxa3 36. Nxd5 cxd5 37. Rxd5 Ra2+ 38. Kg3 Kf7 39. h4 h6 40.
Kh3 Ra3 41. Rd4 Rb3 42. Kg4 Rb2 43. g3 Rb3 44. Rf4+ Kg6 45. h5+ Kh7 46. Rf7 Rb5
47. f4 Kg8 48. Rf5 Rb3 49. Kh4 Rb1 50. Re5 Rh1+ 51. Kg4 Ra1 52. Re3 Ra5 53. Kh4
Kf7 54. Kg4 Rb5 1/2-1/2

[Event "Online Olym Top DivD 2020"]
[Site "chess.com INT"]
[Date "2020.08.22"]
[Round "4.4"]
[Board "5"]
[White "Moroni, Luca Jr"]
[Black "Coro, Lucas"]
[Result "0-1"]
[WhiteTitle "GM"]
[BlackTitle "IM"]
[WhiteElo "2530"]
[BlackElo "2352"]
[WhiteTeam "Italy"]
[BlackTeam "Argentina"]
[WhiteFideId "865834"]
[BlackFideId "147222"]
[EventDate "2020.08.21"]
[EventType "team"]

1. c4 c5 2. Nf3 Nc6 3. d4 cxd4 4. Nxd4 Nf6 5. Nc3 e6 6. a3 a6 7. e4 d6 8. Be3
Be7 9. Be2 O-O 10. O-O Bd7 11. Rc1 Re8 12. Qd2 Rc8 13. Nxc6 Bxc6 14. f3 b6 15.
Rfd1 Nd7 16. b4 Bb7 17. Bf1 Qc7 18. Qf2 Rb8 19. Qg3 Red8 20. Na4 Bc6 21. Nc3 Ba8
22. Kh1 Rbc8 23. Qf2 Rb8 24. Bd4 Bf8 25. Qg3 Rbc8 26. Na4 Qc6 27. Nc3 Qc7 28.
Qe1 Rb8 29. Na4 Qc6 30. Nb2 Qb7 31. Nd3 Rbc8 32. Qg3 Qb8 33. Bb2 b5 34. Nf4 Ne5
35. c5 Ng6 36. Nd3 dxc5 37. Qxb8 Rxb8 38. Nxc5 Bxc5 39. Rxd8+ Rxd8 40. Rxc5 h6
41. Kg1 Ne7 42. Rc7 Nc6 43. Bc1 h5 44. Bg5 f6 45. Be3 e5 46. Bc5 Kh7 47. Kf2 Nd4
48. Ra7 Nb3 49. Be7 Rd2+ 50. Ke1 Ra2 51. Rxa8 Nd4 52. Bc5 Nc2+ 53. Kd1 Nxa3 54.
Bd3 Rxg2 55. Rxa6 Nc4 56. Bxc4 bxc4 57. b5 Rxh2 58. Ra4 h4 59. b6 h3 60. b7 Rb2
61. b8=Q Rxb8 62. Ra2 Rb3 63. Rf2 c3 64. Kc1 Kg6 65. Rh2 c2 66. Rxh3 Kg5 67.
Kxc2 Rb7 68. Be3+ Kg6 69. Rg3+ Kf7 70. Kd3 Rd7+ 71. Ke2 Rb7 72. Rg1 Rd7 73. Ra1
Kg6 74. Ra7 Rd8 75. Kf2 Rd3 76. Bc5 Rd8 77. Kg3 Rc8 78. Ba3 Rb8 79. Ra6 Re8 80.
Bd6 Kf7 81. Kg4 Kg6 82. Rb6 Re6 83. Bc5 Re8 84. Rb7 Rc8 85. Be7 Re8 86. Rc7 Ra8
87. Kg3 Rb8 88. Rd7 Ra8 89. Rd8 Ra7 90. Bc5 Rc7 91. Bd6 Rb7 92. Rb8 Rd7 93. Bb4
Ra7 94. Rc8 Rb7 95. Bd6 Rd7 96. Rc6 Kh7 97. Kg4 Rb7 98. Rc7 Rb1 99. Kf5 Rb3 100.
Kg4 Rb1 101. Bf8 Kg8 102. Bxg7 Rg1+ 103. Kf5 Rxg7 104. Rc8+ Kf7 105. Rc6 Rg5# 0-1

[Event "Online Olym Top DivD 2020"]
[Site "chess.com INT"]
[Date "2020.08.22"]
[Round "4.5"]
[Board "1"]
[White "Fier, Alexandr"]
[Black "So, Wesley"]
[Result "1/2-1/2"]
[WhiteTitle "GM"]
[BlackTitle "GM"]
[WhiteElo "2560"]
[BlackElo "2770"]
[WhiteTeam "Brazil"]
[BlackTeam "United States of America"]
[WhiteFideId "2107139"]
[BlackFideId "5202213"]
[EventDate "2020.08.21"]
[EventType "team"]

1. d4 Nf6 2. c4 e6 3. Nf3 d5 4. Nc3 Be7 5. Bf4 O-O 6. e3 b6 7. cxd5 Nxd5 8. Nxd5
Qxd5 9. Be2 Qa5+ 10. Nd2 Ba6 11. O-O c5 12. Nc4 Bxc4 13. Bxc4 cxd4 14. exd4 Nc6
15. d5 exd5 16. Qxd5 Qxd5 17. Bxd5 Rac8 18. Rad1 Rfd8 19. g3 Bf6 20. Bxc6 Rxd1
21. Rxd1 Rxc6 22. Rd7 h5 23. Rxa7 Bxb2 24. Be3 Bc1 25. Bxc1 Rxc1+ 26. Kg2 g6 27.
Rb7 Ra1 28. Rxb6 Rxa2 29. h4 1/2-1/2

[Event "Online Olym Top DivD 2020"]
[Site "chess.com INT"]
[Date "2020.08.22"]
[Round "4.5"]
[Board "3"]
[White "Alboredo, Julia"]
[Black "Yip, Carissa"]
[Result "0-1"]
[WhiteTitle "WFM"]
[BlackTitle "IM"]
[WhiteElo "2182"]
[BlackElo "2421"]
[WhiteTeam "Brazil"]
[BlackTeam "United States of America"]
[WhiteFideId "2124807"]
[BlackFideId "2090732"]
[EventDate "2020.08.21"]
[EventType "team"]

1. e4 g6 2. d4 Bg7 3. Nc3 d6 4. Nf3 a6 5. a4 Nf6 6. Be2 O-O 7. O-O b6 8. h3 Bb7
9. d5 c6 10. Be3 cxd5 11. exd5 Nbd7 12. Bd4 Qc7 13. Re1 Rfe8 14. Nh2 Rad8 15.
Ng4 e5 16. dxe6 fxe6 17. Nxf6+ Nxf6 18. Bf3 e5 19. Bxb7 Qxb7 20. Be3 d5 21. Bg5
Rd7 22. Bxf6 Bxf6 23. Qf3 Bg7 24. Rad1 e4 25. Qg4 Rdd8 26. h4 Qf7 27. Qe2 Rf8
28. Rf1 Qb7 29. Qg4 Qc6 30. h5 gxh5 31. Qxh5 d4 32. Ne2 Rd6 33. Ng3 Rg6 34. Nf5
Rxf5 35. Qxf5 e3 36. Qh3 e2 37. Rfe1 exd1=Q 38. Rxd1 Qxc2 39. Re1 Qc6 40. f3 d3
41. Qf5 Qc5+ 0-1

[Event "Online Olym Top DivD 2020"]
[Site "chess.com INT"]
[Date "2020.08.22"]
[Round "4.5"]
[Board "5"]
[White "Do Valle Cardoso, Lucas"]
[Black "Xiong, Jeffery"]
[Result "0-1"]
[BlackTitle "GM"]
[WhiteElo "2314"]
[BlackElo "2709"]
[WhiteTeam "Brazil"]
[BlackTeam "United States of America"]
[WhiteFideId "2163144"]
[BlackFideId "2047640"]
[EventDate "2020.08.21"]
[EventType "team"]

1. e4 c5 2. Nf3 d6 3. d4 Nf6 4. Nc3 cxd4 5. Nxd4 a6 6. Be3 Nbd7 7. f3 h5 8. Qd2
g6 9. O-O-O Bg7 10. Bc4 Qc7 11. Bb3 b5 12. Kb1 Bb7 13. h4 Ne5 14. Nde2 Nc4 15.
Bxc4 Qxc4 16. Nf4 Rc8 17. Ncd5 Bxd5 18. Nxd5 Nxd5 19. exd5 O-O 20. Bg5 Rc7 21.
Rhe1 Rfc8 22. Rxe7 Qxc2+ 23. Qxc2 Rxc2 24. Re8+ Rxe8 25. Kxc2 Kf8 26. Bf4 Be5
27. Bxe5 Rxe5 28. Kc3 Ke7 29. Rd2 Kd7 30. a4 bxa4 31. Kb4 Kc7 32. Kxa4 Kb6 33.
Kb4 f6 34. b3 g5 35. hxg5 fxg5 36. Kc4 Rf5 37. Rd4 a5 38. Re4 Rf4 39. Kd4 Kb5
40. Ke3 Rxe4+ 41. fxe4 Kc5 42. Kd3 h4 43. Ke3 g4 44. Kf4 h3 45. gxh3 gxh3 46.
Kg3 Kd4 0-1

[Event "Online Olym Top DivD 2020"]
[Site "chess.com INT"]
[Date "2020.08.22"]
[Round "4.5"]
[Board "6"]
[White "Wang, Annie"]
[Black "De Freitas, Isabella Ribeiro Conti"]
[Result "1/2-1/2"]
[WhiteTitle "IM"]
[WhiteElo "2384"]
[BlackElo "1776"]
[WhiteTeam "United States of America"]
[BlackTeam "Brazil"]
[WhiteFideId "2053900"]
[BlackFideId "2173328"]
[EventDate "2020.08.21"]
[EventType "team"]

1. d4 d5 2. c4 e6 3. Nc3 Nf6 4. cxd5 Nxd5 5. e4 Nxc3 6. bxc3 c5 7. Nf3 cxd4 8.
cxd4 Bb4+ 9. Bd2 Bxd2+ 10. Qxd2 O-O 11. Be2 b6 12. O-O Bb7 13. Qe3 Nd7 14. Rac1
Nf6 15. Bd3 Qe7 16. Bb1 Rac8 17. h3 Rxc1 18. Rxc1 Rc8 19. Rxc8+ Bxc8 20. Qc3 Bb7
21. Nd2 g6 22. f3 Nh5 23. Bd3 Qg5 24. Bf1 Nf4 25. Kh2 Nh5 26. Nc4 Qg3+ 27. Kg1
Bxe4 28. Ne5 Bb7 1/2-1/2

[Event "Online Olym Top DivD 2020"]
[Site "chess.com INT"]
[Date "2020.08.22"]
[Round "5.1"]
[Board "2"]
[White "Ortiz Suarez, Isan Reynaldo"]
[Black "Robson, Ray"]
[Result "1/2-1/2"]
[WhiteTitle "GM"]
[BlackTitle "GM"]
[WhiteElo "2545"]
[BlackElo "2673"]
[WhiteTeam "Cuba"]
[BlackTeam "United States of America"]
[WhiteFideId "3507165"]
[BlackFideId "2023970"]
[EventDate "2020.08.21"]
[EventType "team"]

1. e4 e5 2. Nf3 Nc6 3. Bc4 Bc5 4. d3 Nf6 5. Nbd2 d6 6. c3 O-O 7. O-O Ne7 8. h3
Ng6 9. Re1 c6 10. d4 Bb6 11. Bf1 exd4 12. cxd4 d5 13. e5 Nh5 14. Nb3 f6 15. Be3
Nhf4 16. Qd2 fxe5 17. Nxe5 Qf6 18. Nxg6 Nxg6 19. g3 Bf5 20. Nc5 Bxc5 21. dxc5
Ne5 22. Bg2 Bxh3 23. f4 Nc4 24. Qf2 Bxg2 25. Bd4 Qg6 26. Kxg2 Rae8 27. b3 Na3
28. Rac1 Re4 29. Be5 a5 30. Kg1 h6 31. Rxe4 Qxe4 32. Re1 Qg6 33. Kg2 Re8 34. f5
Qh5 35. Bb2 Rxe1 36. Qxe1 Nc2 37. Qe6+ Qf7 38. Qe5 Nb4 39. Bc3 Kh7 40. a3 Nc2
41. a4 d4 42. Bxd4 Nxd4 43. Qxd4 Qxf5 44. b4 Qc2+ 45. Kh3 Qf5+ 46. Kg2 axb4 47.
Qxb4 Qd7 48. a5 g6 49. Qf4 h5 50. Qd6 Qf7 51. a6 Qa2+ 52. Kh3 Qxa6 53. Qe7+ Kh6
54. Qf8+ Kh7 55. Qf7+ Kh6 56. Qf8+ Kh7 57. Qf7+ Kh6 58. Qf8+ 1/2-1/2

[Event "Online Olym Top DivD 2020"]
[Site "chess.com INT"]
[Date "2020.08.22"]
[Round "5.1"]
[Board "4"]
[White "Linares Napoles, Oleiny"]
[Black "Zatonskih, Anna"]
[Result "1/2-1/2"]
[WhiteTitle "WGM"]
[BlackTitle "IM"]
[WhiteElo "2215"]
[BlackElo "2420"]
[WhiteTeam "Cuba"]
[BlackTeam "United States of America"]
[WhiteFideId "3504794"]
[BlackFideId "14101572"]
[EventDate "2020.08.21"]
[EventType "team"]

1. a3 e5 2. e3 Nf6 3. c4 c6 4. Nf3 e4 5. Nd4 d5 6. cxd5 cxd5 7. d3 Bd6 8. Nc3
O-O 9. Be2 Nc6 10. O-O Ne5 11. dxe4 dxe4 12. Ndb5 Bb8 13. Qxd8 Rxd8 14. Nd4 Bg4
15. f3 exf3 16. gxf3 Bh3 17. Rd1 Bc7 18. Bd2 Bb6 19. Be1 Nc6 20. Bf2 Nxd4 21.
exd4 Nd5 22. Na4 Bc7 23. Nc5 b6 24. Ne4 Nf4 25. Bf1 Bxf1 26. Kxf1 Nd5 27. h3 Bf4
28. Ke2 Rac8 29. Kd3 f5 30. Nc3 Nc7 31. Re1 Kf7 32. Re2 Rd7 33. Rae1 Rcd8 34.
Kc2 Bg5 35. Bg3 Bf6 36. Be5 Bxe5 37. Rxe5 g6 38. h4 Kf6 39. d5 Rd6 40. f4 R8d7
41. Rd1 h6 42. Rde1 a6 43. Rg1 Nxd5 44. Nxd5+ Rxd5 45. Re8 Rd8 46. Re2 Rc8+ 47.
Kb1 h5 48. Reg2 Rg8 49. Rc1 Rd6 50. Re2 Rgd8 51. Rc7 R8d7 52. Rc8 Rd8 53. Rc7
R8d7 54. Rc8 Re6 55. Rec2 Red6 56. Re2 1/2-1/2

[Event "Online Olym Top DivD 2020"]
[Site "chess.com INT"]
[Date "2020.08.22"]
[Round "5.1"]
[Board "5"]
[White "Xiong, Jeffery"]
[Black "Albornoz Cabrera, Carlos Daniel"]
[Result "1/2-1/2"]
[WhiteTitle "GM"]
[BlackTitle "GM"]
[WhiteElo "2709"]
[BlackElo "2573"]
[WhiteTeam "United States of America"]
[BlackTeam "Cuba"]
[WhiteFideId "2047640"]
[BlackFideId "3518736"]
[EventDate "2020.08.21"]
[EventType "team"]

1. d4 Nf6 2. Nf3 g6 3. Nbd2 Bg7 4. e4 d6 5. Bd3 O-O 6. O-O Nbd7 7. c3 e5 8. Re1
b6 9. a4 a5 10. Nf1 Bb7 11. Ng3 Re8 12. d5 Rf8 13. b4 c6 14. dxc6 Bxc6 15. Bc4
Qc7 16. Bb3 b5 17. Bd2 bxa4 18. Bxa4 Bxa4 19. Rxa4 axb4 20. cxb4 d5 21. Rxa8
Rxa8 22. exd5 Nxd5 23. h4 h5 24. Ne4 N7b6 25. Nc5 Nc4 26. Qb3 Nxd2 27. Nxd2 Ne7
28. Nde4 Nf5 29. b5 Nd4 30. b6 Qxc5 31. Nxc5 Nxb3 32. Nxb3 Rb8 33. Rd1 Rxb6 34.
Nc5 Rb8 35. g3 Rc8 36. Ne4 Re8 37. Rd7 Rf8 38. Kg2 Bh8 39. Rb7 Bg7 40. Rd7 Bh8
41. Rb7 Bg7 42. Rd7 1/2-1/2